Movies Quiz

Random Movies or Clickable Quiz
Score 0/20 Timer 08:00
10 Plays Today
% Correct
Mission: Impossible - Ghost Protocol
97.9%
Transformers: Age of Extinction
97.7%
Seabiscuit
97.7%
Chariots of Fire
97.7%
The Hungover Games
97.5%
The Good Dinosaur
97.2%
Monsters, Inc.
96.7%
Willy Wonka & the Chocolate Factory
96.3%
Paul Blart: Mall Cop
95.3%
You Got Served
95%
% Correct
World War Z
94.7%
Angels in the Outfield
94%
Crouching Tiger, Hidden Dragon
92.2%
Miracle on 34th Street
85.5%
Anaconda
84.1%
Men in Black III
83.5%
A Clockwork Orange
82.6%
Pinocchio
79.3%
Star Wars: Episode III - Revenge of the Sith
68%
The Wizard of Oz
60.4%
Remove Ads.
Support Sporcle.
Get the best of Sporcle when you Go Orange. This ad-free experience offers more features, more stats, and more fun while also helping to support Sporcle. Thank you for becoming a member.

You're not logged in!

Compare scores with friends on all Sporcle quizzes.
OR
Log In

Sporcle TV

Today on Sporcle TV


Watch our educational content, quiz creation guides, and fun videos on Sporcle TV.

Show Comments

Extras

Top Quizzes Today


Score Distribution

Paid Content

Your Account Isn't Verified!

In order to create a playlist on Sporcle, you need to verify the email address you used during registration. Go to your Sporcle Settings to finish the process.

Report this User

Report this user for behavior that violates our Community Guidelines.

Details: